000 00769nam a22001935i 4500
001 178698
003 ES-MaACL
005 20230906220604.0
008 110610s1973 sp |||| | spa d
080 _a616-006
100 1 _aFerrer Pi, Santiago.
_950493
245 1 0 _aContribución al estudio del higroma quístico /
_cresumen de la tesis presentada para aspirar al grado de doctor en medicina por Manuel Galofre Folch.
260 _aBarcelona :
_bUniversidad de Barcelona, Secretariado de Publicaciones, Intercambio Científico y Extensión Universitaria,
_c1973.
300 _a12 p. ;
_c24 cm.
500 _aCub. tomada como port.
650 0 4 _aTumores.
_9147069
710 2 _aUniversidad de Barcelona.
_97141
852 _aES-MaACL
_jE-15361 (105)
_xOlim P-1374
999 _c178698
_d178698